000 00495nam a2200193Ia 4500
005 20221216095254.0
008 131103s9999 xx 000 0 und d
040 _aLoreto College
041 _aEnglish
082 _a812.52
_bMIL
100 _aMiller,Arthur
245 _aAfter the fall
_cArthur Miller
260 _aHarmondsworth
_bPenguin Books
_c1968
300 _a121 p.
440 _aPenguin Plays; No.79
650 _aAmerican Drama - 20th Century
850 _aLCLIB
942 _cBK
999 _c11745
_d62224